000
00323nam a2200133 a 4500
005
20140513081057.0
008
071022s19uu xx 00 eng d
050
_a
VCD
_b
Gl542 2004
245
_a
Glad,sad or mad.
260
_a
Phils :
_b
Viva Video,
_c
2005.
440
_a
Barney :
500
_a
with 3 discs
999
_c
116590
_d
116590